100 meilleurs films du XXIème siècle selon le New York Times - Statistiques

Statistiques générales
  • Ce quiz a été pris 98 fois
  • Le résultat moyen est 17 sur 100
Statistiques - réponses
Rélisateur Film Sortie % Correct
1e B. Jong-Ho Parasite 2019
83%
55e C. Nolan Inception 2010
58%
65e C. Nolan Oppenheimer 2023
56%
28e C. Nolan Batman: The Dark Knight 2008
54%
89e C. Nolan Interstellar 2014
51%
44e Q. Tarantino Once Upon a Time ... in Hollywood 2019
48%
61e Q. Tarantino Kill Bill: Vol. 1 2003
46%
6e E. Coen & J. Coen No Country for Old Men 2007
46%
2e D. Lynch Mulholland Drive 2001
44%
9e H. Miyazaki Le Voyage de Chihiro 2002
43%
22e W. Anderson The Grand Budapest Hotel 2014
42%
20e M. Scorsese Le Loup de Wall-Street 2013
41%
8e J. Peele Get Out 2017
37%
87e P. Jackson Le Seigneur des Anneaux : La Communauté de l'Anneau 2001
34%
92e R. Scott Gladiator 2000
33%
31e M. Scorsese Les Infiltrés 2006
31%
7e M. Gondry Eternal Sunshine of the Spotless Mind 2004
30%
43e P. Chan-Wook Oldboy 2005
30%
26e J. Triet Anatomie d'une Chute 2023
29%
14e Q. Tarantino Inglourious Basterds 2009
29%
4e W. Kar-Wai In the Mood for Love 2001
29%
62e C. Nolan Memento 2001
27%
99e B. Joon-Ho Memories of Murder 2005
27%
11e G. Miller Mad Max: Fury Road 2015
23%
3e PT. Anderson There Will Be Blood 2007
23%
10e D. Fincher The Social Network 2010
23%
19e D. Fincher Zodiac 2007
23%
30e S. Coppola Lost in Translation 2003
22%
97e A. Cuarón Gravity 2013
21%
35e J.Audiard Un prophète 2010
21%
64e D. Fincher Gone Girl 2014
20%
46e A. Cuarón Roma 2018
20%
41e J-P. Jeunet Amélie 2001
19%
29e D. Villeneuve Premier Contact 2016
19%
60e D. Chazelle Whiplash 2014
19%
81e D. Aronofsky Black Swan 2010
18%
54e G. Del Toro Le Labyrinthe de Pan 2006
18%
37e L. Guadagnino Call Me by Your Name 2017
17%
51e S. McQueen 12 Years a Slave 2013
16%
23e R. Linklater Boyhood 2014
16%
24e S. Jonze Her 2013
16%
5e B. Jenkins Moonlight 2016
16%
49e R. Linklater Before Sunset 2004
14%
13e A. Cuarón Les Fils de l'homme 2006
14%
21e W. Anderson La Famille Tenenbaum 2001
13%
12e J. Glazer La Zone d'Intérêt 2023
13%
79e T. Malick The Tree of Life 2011
13%
75e M. Haneke Amour 2012
12%
15e F. Meirelles La Cité de Dieu 2003
12%
39e G. Gerwig Lady Bird 2017
12%
68e K. Bigelow Démineurs 2009
11%
76e E. Coen & J. Coen O'Brother 2000
11%
38e C. Sciamma Portrait de la jeune fille en feu 2019
11%
73e B. Bird Ratatouille 2007
11%
34e A. Stanton Wall-E 2008
11%
40e E. Yang Yi Yi 2000
11%
17e A. Lee Brokeback Mountain 2005
10%
50e P. Docter Là-haut 2009
10%
96e R. Coogler Black Panther 2018
9%
77e D. Kwan & D. Scheinert Everything Everywhere All at Once 2022
9%
71e S. Soderbergh Ocean’s Eleven 2001
9%
74e S. Baker The Florida Project 2017
9%
42e PT. Anderson The Master 2012
9%
80e P. Almodóvar Volver 2006
9%
18e A. Cuarón Y tu mamá también 2002
9%
52e Y. Lanthimos La Favorite 2018
8%
84e L. Von Trier Melancholia 2011
8%
25e PT. Anderson Phantom Thread 2017
8%
56e PT. Anderson Punch-Drunk Love 2000
8%
16e A. Lee Tigre et Dragon 2000
8%
86e C. Song Past Lives 2023
7%
33e A. Farhadi Une Séparation 2011
7%
36e E. Coen & J. Coen A Serious Man 2009
6%
90e N. Baumbach Frances Ha 2013
6%
63e J. Dayton & V. Faris Little Miss Sunshine 2006
6%
47e C. Crowe Presque célèbre 2000
6%
66e T. McCarthy Spotlight 2015
6%
69e J. Glazer Under the Skin 2014
6%
27e S. Jonze Adaptation 2002
4%
72e T. Haynes Carol 2015
4%
48e F. Henckel &V. Donnersmarck La Vie des autres 2007
4%
94e S. Spielberg Minority Report 2002
4%
59e M. Ade Toni Erdmann 2016
4%
78e C. Wells Aftersun 2022
3%
98e W. Herzog Grizzly Man 2005
3%
83e E. Coen & J. Coen Inside Llewyn Davis 2013
3%
45e B. Miller Le Stratège 2011
3%
32e P. Feig Mes meilleures amies 2011
3%
100e G. Mottola SuperGrave 2007
3%
67e T. Field Tár 2022
3%
58e B. Safdie & J. Safdie Uncut Gems 2019
3%
85e A. McKay Anchorman: The Legend of Ron Burgundy 2004
2%
91e A. Arnold Fish Tank 2010
2%
70e T. Alfredson Morse 2008
2%
82e J. Oppenheimer The Act of Killing 2013
2%
95e J. Trier The Worst Person in the World 2021
2%
53e L. Charles Borat: Cultural Learnings of America for Make Benefit Glorious Nation of Kazakhstan 2006
1%
88e A. Varda The Gleaners & I 2001
1%
57e C. Guest Bêtes de scène 2000
0%
93e T. Gilroy Michael Clayton 2007
0%
Aucun quiz correspondant
Distribution des résultats
% des personnes avec chaque résultat
Percentile par nombre de réponses
Votre historique - résultats
Vous n’avez pas pris ce quiz